IFM Opac

The Road to Inforterm (Record no. 12515)

MARC details
000 -LEADER
fixed length control field 00352nam a22001337a 4500
020 ## - INTERNATIONAL STANDARD BOOK NUMBER
International Standard Book Number 3794055012
082 ## - DEWEY DECIMAL CLASSIFICATION NUMBER
Classification number 025.014 WUS
100 ## - MAIN ENTRY--PERSONAL NAME
Personal name Wuster, Eugen
245 ## - TITLE STATEMENT
Title The Road to Inforterm
260 ## - PUBLICATION, DISTRIBUTION, ETC.
Place of publication, distribution, etc. West Germany
Name of publisher, distributor, etc. Verlag Dokumentation,Pullach bei Munichen
Date of publication, distribution, etc. 1974
300 ## - PHYSICAL DESCRIPTION
Extent ix, 141p.
Other physical details ill.; 21cm.
500 ## - GENERAL NOTE
General note Includes bibliography
942 ## - ADDED ENTRY ELEMENTS (KOHA)
Koha item type Books
Holdings
Withdrawn status Lost status Damaged status Not for loan Home library Current library Shelving location Date acquired Total Checkouts Full call number Barcode Date last seen Price effective from Koha item type
Withdrawn       IFM Main Campus Library IFM Main Campus Library Archival Collection 10/15/2015   025.014 WUS 0000014597 10/15/2015 02/19/2022 Books